Świąteczne rzeczy - Statystyki

Ogólne statystyki
  • Ten quiz został rozwiązany 86 razy
  • Średni wynik to 3 z 10
Statystyki odpowiedzi
Odpowiedź % Poprawnych
Choinka
97%
Prezenty
75%
Bombki
53%
Lampki
36%
Łańcuch
34%
Pierniczki
10%
Laska Cukrowa
3%
Czapka Mikołajowa
0%
Pierwsza Gwiazdka
0%
Worek na prezenty
0%
Nie znaleziono quizów pasujących do podanych kryteriów
Rozkład punktacji
Procent ludzi z każdym wynikiem
Percentyl według liczby udzielonych odpowiedzi
Twoja historia wyników
Nie rozwiązałeś tego quizu